Countries that are best in CSGO - Statistics

General Stats
  • This quiz has been taken 385 times
  • The average score is 12 of 16
Answer Stats
Rank Answer % Correct
6. Russia
96%
9. Ukraine
93%
5. France
91%
3. Sweden
91%
2. USA
91%
4. Brazil
88%
1. Denmark
88%
11. Germany
84%
7. Poland
79%
8. Canada
76%
10, Finland
73%
16. Norway
72%
12. China
68%
14. Australia
57%
13. Kazakhstan
44%
15. Bulgaria
22%
No matching quizzes found
Score Distribution
Percent of People with Each Score
Percentile by Number Answered
Your Score History
You have not taken this quiz